| 000 | 00475nam a22002057a 4500 | ||
|---|---|---|---|
| 003 | bpm | ||
| 005 | 20260407102834.0 | ||
| 008 | 260407b |||||||| |||| 00| p spa d | ||
| 020 | _a9788498954296 | ||
| 024 | _aS. C. C. / M. C. y E. M.: | ||
| 040 | _aAR-CtUCP | ||
| 041 | _aspa | ||
| 080 | _aCDU | ||
| 100 | _aGlück Louise | ||
| 245 | _aNoche fiel y virtuosa | ||
| 260 |
_aMadrid _bVisor _c2014 |
||
| 650 | _aLiteratura - Poesía | ||
| 942 | _cLIB | ||
| 999 |
_c76614 _d76614 |
||